000 01125nam a2200289 4500
001 0000017758
003 CO-CtgCURN
005 20250828171340.0
008 160627s2001 000 0 eng d
020 _a9586901742
040 _aCO-CtgCURN
_bspa
_ccoctgcurn
082 0 _a347.9
_bC15a
100 1 _aCamargo de la Torre, Pedro Pablo.
245 1 4 _aLas acciones populares y de grupo :
_bguia practica de la Ley 472 de 1998 /
_cPedro Pablo Camargo.
250 _a2a ed.
260 _aBogotá :
_bLeyer,
_c2001.
300 _avii, 533 p.
336 _2rdacontent
337 _2rdamedia
_asin mediacion
_bn
338 _2rdacarrier
_avolumen
_bnc
505 8 _aOrigen y desarrollo de las acciones populares y de grupo.--Los derechos e intereses colectivos.--Regimen sustantivo y procesal de la Acción popular.--Regimen sustantivo y procesal de la Acción de grupo
650 0 _aAcciones populares
_zColombia.
908 _a160627
942 _cBK
_h347.9
_iC15a
_2ddc
999 _c49832
_d49832
_x2